| 000 | 01414nam a2200289 a 4500 | ||
|---|---|---|---|
| 001 | BRCA_2702 | ||
| 005 | 20190320203930.0 | ||
| 008 | 031208s1889----fr-a---###---#000-0dspa-u | ||
| 041 | _aspa | ||
| 044 | _afr | ||
| 084 |
_a210 _b.G376 _c1889 |
||
| 100 | 1 |
_aCervantes Saavedra, Miguel de _d1547-1616 _9213 |
|
| 245 | 1 | 0 |
_aEl Ingenioso Hidalgo Don Quijote de la Mancha _ccompuesto por Miguel de Cervantes Saavedra. |
| 260 |
_aParís _bGarnier hermanos _c1889 |
||
| 300 |
_axliv, 776 p. _bil. _c18 cm. |
||
| 500 | _aContenido : Primera parte. Vida de Cervantes. Dedicatoria del autor. Prólogo del autor. Versos preliminares. Texto. Segunda parte. Dedicatoria del autor. Prólogo del autor. Texto | ||
| 500 | _aEdición : Edición conforme a la última corregida por la Academia Española con la vida del autor y notas para la buena inteligencia del texto | ||
| 500 | _aReproducción de la edición de 1873, impresa por los mismos editores, pero de menor tamaño. Semipiel; lomo decorado con filetes dorados; corte dorado también Lúdovik Osterc | ||
| 500 | _aQM1001 | ||
| 650 | 1 | 4 |
_aNovela española _yÉpoca clásica, 1500-1700 _9215 |
| 650 | 1 | 4 |
_aLiteratura española _yÉpoca clásica, 1500-1700 _9216 |
| 650 | 1 | 4 |
_aNovela española _ySiglo XVII _9217 |
| 650 | 1 | 4 |
_aDon Quijote (Personaje ficticio) _eNovela _9218 |
| 740 | 0 | _aEl Ingenioso Hidalgo Don Quijote de la Mancha | |
| 902 | _aQFM | ||
| 942 |
_2lcc _cB |
||
| 999 |
_c2442 _d2442 |
||